| 000 | 00531nam a22001697a 4500 | ||
|---|---|---|---|
| 005 | 20231114060646.0 | ||
| 008 | 231114b |||||||| |||| 00| 0 eng d | ||
| 020 | _a0409058327 | ||
| 041 | _aEnglish | ||
| 082 | _a345 TER | ||
| 100 |
_aTerblanche, SS _lEnglish |
||
| 245 |
_aThe Guide to Sentencing in South Africa / _cSS Terblanche |
||
| 260 |
_aDurban : _bButterworth Publishers (Pty) Ltd, _c1999 |
||
| 300 |
_bxxxiv, 642 pages ; _c25 cm. |
||
| 650 |
_aLegal practice _bLaw |
||
| 942 |
_cBK _6ALISON_BN_VRIES |
||
| 999 |
_c592 _d592 |
||